| Tag |
First Indicator |
Second Indicator |
Subfields |
| LEADER |
00000cam a2200000Ia 4500 |
| 001 |
in00002071931 |
| 005 |
20151102051646.0 |
| 008 |
811008s1980 dcua b f000 0 eng d |
| 035 |
|
|
|a (OCoLC)ocm07827697
|
| 040 |
|
|
|a TVA
|c TVA
|d GPO
|d OCL
|d TXA
|d UtOrBLW
|
| 049 |
|
|
|a TXAM
|
| 074 |
|
|
|a 1051-H-11
|
| 086 |
0 |
|
|a Y 3.N 88:25/1835
|
| 088 |
|
|
|a NUREG/CR-1835
|
| 092 |
|
|
|a 628.532
|b U89a
|
| 100 |
1 |
|
|a Uthe, Edward E.
|
| 245 |
1 |
0 |
|a Application of lidar techniques to estimating atmospheric dispersion :
|b final report /
|c prepared by E.E. Uthe, W.B. Johnson ; prepared for Division of Reactor Safety Research, Office of Nuclear Regulatory Research, U.S. Nuclear Regulatory Commission, under contract no. NRC-04-77-147.
|
| 264 |
|
1 |
|a Washington, D.C. :
|b The Commission :
|b Available from GPO Sales Program, Division of Technical Information and Document Control, U.S. Nuclear Regulatory Commission ;
|a Springfield, Va. :
|b National Technical Information Service,
|c 1980.
|
| 300 |
|
|
|a xi, 53 pages :
|b illustrations ;
|c 28 cm.
|
| 336 |
|
|
|a text
|b txt
|2 rdacontent
|
| 337 |
|
|
|a unmediated
|b n
|2 rdamedia
|
| 338 |
|
|
|a volume
|b nc
|2 rdacarrier
|
| 500 |
|
|
|a "SRI International."
|
| 500 |
|
|
|a "Date published: December 1980."
|
| 504 |
|
|
|a Includes bibliographies.
|
| 500 |
|
|
|a NRC FIN number B6222."."
|
| 500 |
|
|
|a "NUREG/CR-1835."
|
| 650 |
|
0 |
|a Smoke plumes
|x Analysis.
|
| 650 |
|
0 |
|a Air
|x Pollution
|x Measurement.
|
| 650 |
|
0 |
|a Optical radar.
|
| 650 |
|
0 |
|a Atmospheric diffusion.
|
| 700 |
1 |
|
|a Johnson, W. B.
|q (Warren Buford),
|d 1935-
|
| 710 |
2 |
|
|a U.S. Nuclear Regulatory Commission.
|b Division of Reactor Safety Research.
|
| 710 |
2 |
|
|a SRI International.
|
| 994 |
|
|
|a C0
|b TXA
|
| 999 |
|
|
|a MARS
|
| 999 |
f |
f |
|s 06f54462-a07d-3e27-9f46-bdf28f8078c9
|i f38d5d22-f3b3-328c-bd8e-9adc29508451
|t 0
|
| 952 |
f |
f |
|p normal
|a Texas A&M University
|b College Station
|c Sterling C. Evans Library
|d Evans: US Documents (Annex 5th floor)
|t 0
|e Y 3.N 88:25/1835
|h Superintendent of Documents classification
|i unmediated -- volume
|m A14832924952
|
| 998 |
f |
f |
|a Y 3.N 88:25/1835
|t 0
|l Evans: US Documents (Annex 5th floor)
|